Asas da imaginação (Record no. 47228)

MARC details
000 -LÍDER
campo de controle de tamanho fixo 00358 a2200157 4500
001 - NÚMERO DE CONTROLE
campo de controle 47228
020 ## - ISBN - INTERNATIONAL STANDARD BOOK NUMBER
ISBN - International Standard Book Number 8599007017
040 ## - FONTE DA CATALOGAÇÃO
Instituição que transcreveu o registro Anchieta - Aquarius
100 ## - ENTRADA PRINCIPAL--NOME PESSOAL
Nome pessoal Gouveia, Luis Augusto
240 10 - TÍTULO UNIFORME
Título uniforme Asas da imaginação
Idioma da obra por
245 10 - TÍTULO
Título Asas da imaginação
300 ## - DESCRIÇÃO FÍSICA
Extensão 111p.
362 0# - DATAS DE PUBLICAÇÃO E/OU DESIGNAÇÃO SEQUENCIAL
Datas de publicação e/ou designação sequencial 2007
650 #4 - ASSUNTO--TERMO TÓPICO
Cabeçalho tópico ou nome geográfico Literatura infanto-juvenil
942 ## - ELEMENTOS DE ENTRADA ADICIONADOS (KOHA)
Tipo de material Koha Livros
Holdings
Situação do descarte Situação das perdas Situação física Não pode ser emprestado Biblioteca de origem Biblioteca atual Data de aquisição Total de empréstimos Número de chamada completo Código de barras Data de último acesso Data do último empréstimo Data do preço efetivo Tipo de material Koha
        Colégio Anchieta - Aquarius Colégio Anchieta - Aquarius 21/11/2023   028.5 GOU ASA 5738/AQU 21/11/2023   21/11/2023 Livros
        Colégio Anchieta - Aquarius Inspira 21/11/2023 1 028.5 GOU ASA 5737/AQU 21/11/2023 21/11/2023 21/11/2023 Livros